Abstención: concepto y alcances. Problemas asociados y posibilidades de superación

Guardat en:
Dades bibliogràfiques
Autor principal: Dendia, Rafael
Format: Text
Matèries:
Etiquetes: Afegir etiqueta
Sense etiquetes, Sigues el primer a etiquetar aquest registre!

MARC

LEADER 00000 a a2200000 04500
001 34020
003
040
090 |a 206004  
100 |a Dendia, Rafael  
245 |a Abstención: concepto y alcances. Problemas asociados y posibilidades de superación  
300 |a 9 p.  
650 |a ABSTENCIONISMO ELECTORAL  
650 |a TEORIA POLITICA  
650 |a AMERICA LATINA  
999 |c 15120  |d 15120